00780nam a2200217Ia 4500003000900000008004100009020001800050040001600068080001900084100002300103245010300126260004800229300001500277490003800292650004100330650001800371700002700389942000700416999001500423952012400438IN-BaIIA211028s9999 xx 000 0 eng d a0-521-32681-8 cIIA Library a524.354.4bLYN aLyne, A. G.916938 0aPulsar astronomycA. G. Lyne and F. Graham-Smith  aCambridgebCambridge University Pressc1990 axiv, 274p. aCambridge astrophysics series; 16 aAstronomy and astrophysics thesaurus aPulsars97214 aGraham-Smith, F916939 cBK c9977d9977 00104070aBANbBANcGENd0000-00-00g1416.00l0o524.354.4/ LYNp10887r2021-11-05v1416.00w0000-00-00yBKGRs. 1416